<?xml version="1.0" encoding="UTF-8"?>
<record
    xmlns:xsi="http://www.w3.org/2001/XMLSchema-instance"
    xsi:schemaLocation="http://www.loc.gov/MARC21/slim http://www.loc.gov/standards/marcxml/schema/MARC21slim.xsd"
    xmlns="http://www.loc.gov/MARC21/slim">

  <leader>00403nam a22001697a 4500</leader>
  <datafield tag="999" ind1=" " ind2=" ">
    <subfield code="c">10519</subfield>
    <subfield code="d">10519</subfield>
  </datafield>
  <controlfield tag="003">OSt</controlfield>
  <controlfield tag="008">210224b           ||||| |||| 00| 0 eng d</controlfield>
  <datafield tag="020" ind1=" " ind2=" ">
    <subfield code="a">9780195619270</subfield>
  </datafield>
  <datafield tag="082" ind1=" " ind2=" ">
    <subfield code="a">822 DAD</subfield>
  </datafield>
  <datafield tag="100" ind1=" " ind2=" ">
    <subfield code="a">DATTA,Kitty Ed.</subfield>
  </datafield>
  <datafield tag="245" ind1=" " ind2=" ">
    <subfield code="a">Christopher Marlowe Doctor Faustus</subfield>
  </datafield>
  <datafield tag="250" ind1=" " ind2=" ">
    <subfield code="a">2nd</subfield>
  </datafield>
  <datafield tag="260" ind1=" " ind2=" ">
    <subfield code="a">New Delhi</subfield>
    <subfield code="b">Oxford</subfield>
    <subfield code="c">2020</subfield>
  </datafield>
  <datafield tag="300" ind1=" " ind2=" ">
    <subfield code="a">209</subfield>
  </datafield>
  <datafield tag="650" ind1=" " ind2=" ">
    <subfield code="a">B.A Hons. English</subfield>
  </datafield>
  <datafield tag="942" ind1=" " ind2=" ">
    <subfield code="2">ddc</subfield>
    <subfield code="c">BK</subfield>
    <subfield code="0">17</subfield>
  </datafield>
  <datafield tag="952" ind1=" " ind2=" ">
    <subfield code="0">0</subfield>
    <subfield code="1">0</subfield>
    <subfield code="2">ddc</subfield>
    <subfield code="4">0</subfield>
    <subfield code="7">0</subfield>
    <subfield code="8">BAHONSENG</subfield>
    <subfield code="a">PIETNCR</subfield>
    <subfield code="b">PIETNCR</subfield>
    <subfield code="d">2021-02-10</subfield>
    <subfield code="e">Kirti Praskshan</subfield>
    <subfield code="f">IN Rupees</subfield>
    <subfield code="g">135.00</subfield>
    <subfield code="k">IN1560</subfield>
    <subfield code="l">0</subfield>
    <subfield code="o">822 DAD</subfield>
    <subfield code="p">N777</subfield>
    <subfield code="r">2021-02-24 00:00:00</subfield>
    <subfield code="v">91.80</subfield>
    <subfield code="w">2021-02-10</subfield>
    <subfield code="y">REF</subfield>
  </datafield>
  <datafield tag="952" ind1=" " ind2=" ">
    <subfield code="0">0</subfield>
    <subfield code="1">0</subfield>
    <subfield code="2">ddc</subfield>
    <subfield code="4">0</subfield>
    <subfield code="7">0</subfield>
    <subfield code="8">BAHONSENG</subfield>
    <subfield code="a">PIETNCR</subfield>
    <subfield code="b">PIETNCR</subfield>
    <subfield code="d">2021-02-10</subfield>
    <subfield code="e">Kirti Praskshan</subfield>
    <subfield code="f">IN Rupees</subfield>
    <subfield code="g">135.00</subfield>
    <subfield code="k">IN1560</subfield>
    <subfield code="l">5</subfield>
    <subfield code="o">822 DAD</subfield>
    <subfield code="p">N778</subfield>
    <subfield code="r">2025-10-17 00:00:00</subfield>
    <subfield code="s">2025-10-01</subfield>
    <subfield code="v">91.80</subfield>
    <subfield code="w">2021-02-10</subfield>
    <subfield code="y">BK</subfield>
  </datafield>
  <datafield tag="952" ind1=" " ind2=" ">
    <subfield code="0">0</subfield>
    <subfield code="1">0</subfield>
    <subfield code="2">ddc</subfield>
    <subfield code="4">0</subfield>
    <subfield code="7">0</subfield>
    <subfield code="8">BAHONSENG</subfield>
    <subfield code="a">PIETNCR</subfield>
    <subfield code="b">PIETNCR</subfield>
    <subfield code="d">2021-02-10</subfield>
    <subfield code="e">Kirti Praskshan</subfield>
    <subfield code="f">IN Rupees</subfield>
    <subfield code="g">135.00</subfield>
    <subfield code="k">IN1560</subfield>
    <subfield code="l">3</subfield>
    <subfield code="o">822 DAD</subfield>
    <subfield code="p">N779</subfield>
    <subfield code="r">2025-10-01 00:00:00</subfield>
    <subfield code="s">2025-09-15</subfield>
    <subfield code="v">91.80</subfield>
    <subfield code="w">2021-02-10</subfield>
    <subfield code="y">BK</subfield>
  </datafield>
  <datafield tag="952" ind1=" " ind2=" ">
    <subfield code="0">0</subfield>
    <subfield code="1">0</subfield>
    <subfield code="2">ddc</subfield>
    <subfield code="4">0</subfield>
    <subfield code="7">0</subfield>
    <subfield code="8">BAHONSENG</subfield>
    <subfield code="a">PIETNCR</subfield>
    <subfield code="b">PIETNCR</subfield>
    <subfield code="d">2021-02-10</subfield>
    <subfield code="e">Kirti Praskshan</subfield>
    <subfield code="f">IN Rupees</subfield>
    <subfield code="g">135.00</subfield>
    <subfield code="k">IN1560</subfield>
    <subfield code="l">4</subfield>
    <subfield code="o">822 DAD</subfield>
    <subfield code="p">N780</subfield>
    <subfield code="r">2025-10-14 00:00:00</subfield>
    <subfield code="s">2025-10-09</subfield>
    <subfield code="v">91.80</subfield>
    <subfield code="w">2021-02-10</subfield>
    <subfield code="y">BK</subfield>
  </datafield>
  <datafield tag="952" ind1=" " ind2=" ">
    <subfield code="0">0</subfield>
    <subfield code="1">0</subfield>
    <subfield code="2">ddc</subfield>
    <subfield code="4">0</subfield>
    <subfield code="7">0</subfield>
    <subfield code="8">BAHONSENG</subfield>
    <subfield code="a">PIETNCR</subfield>
    <subfield code="b">PIETNCR</subfield>
    <subfield code="d">2021-02-10</subfield>
    <subfield code="e">Kirti Praskshan</subfield>
    <subfield code="f">IN Rupees</subfield>
    <subfield code="g">135.00</subfield>
    <subfield code="k">IN1560</subfield>
    <subfield code="l">5</subfield>
    <subfield code="o">822 DAD</subfield>
    <subfield code="p">N781</subfield>
    <subfield code="r">2025-10-16 00:00:00</subfield>
    <subfield code="s">2025-10-03</subfield>
    <subfield code="v">91.80</subfield>
    <subfield code="w">2021-02-10</subfield>
    <subfield code="y">BK</subfield>
  </datafield>
  <datafield tag="952" ind1=" " ind2=" ">
    <subfield code="0">0</subfield>
    <subfield code="1">0</subfield>
    <subfield code="2">ddc</subfield>
    <subfield code="4">0</subfield>
    <subfield code="7">0</subfield>
    <subfield code="8">BAHONSENG</subfield>
    <subfield code="a">PIETNCR</subfield>
    <subfield code="b">PIETNCR</subfield>
    <subfield code="d">2021-02-10</subfield>
    <subfield code="e">Kirti Praskshan</subfield>
    <subfield code="f">IN Rupees</subfield>
    <subfield code="g">135.00</subfield>
    <subfield code="k">IN1560</subfield>
    <subfield code="l">5</subfield>
    <subfield code="o">822 DAD</subfield>
    <subfield code="p">N782</subfield>
    <subfield code="r">2025-10-28 00:00:00</subfield>
    <subfield code="s">2025-10-27</subfield>
    <subfield code="v">91.80</subfield>
    <subfield code="w">2021-02-10</subfield>
    <subfield code="y">BK</subfield>
  </datafield>
  <datafield tag="952" ind1=" " ind2=" ">
    <subfield code="0">0</subfield>
    <subfield code="1">0</subfield>
    <subfield code="2">ddc</subfield>
    <subfield code="4">0</subfield>
    <subfield code="7">0</subfield>
    <subfield code="8">BAHONSENG</subfield>
    <subfield code="a">PIETNCR</subfield>
    <subfield code="b">PIETNCR</subfield>
    <subfield code="d">2021-02-10</subfield>
    <subfield code="e">Kirti Praskshan</subfield>
    <subfield code="f">IN Rupees</subfield>
    <subfield code="g">135.00</subfield>
    <subfield code="k">IN1560</subfield>
    <subfield code="l">7</subfield>
    <subfield code="o">822 DAD</subfield>
    <subfield code="p">N783</subfield>
    <subfield code="r">2025-10-17 00:00:00</subfield>
    <subfield code="s">2025-10-01</subfield>
    <subfield code="v">91.80</subfield>
    <subfield code="w">2021-02-10</subfield>
    <subfield code="y">BK</subfield>
  </datafield>
  <datafield tag="952" ind1=" " ind2=" ">
    <subfield code="0">0</subfield>
    <subfield code="1">0</subfield>
    <subfield code="2">ddc</subfield>
    <subfield code="4">0</subfield>
    <subfield code="7">0</subfield>
    <subfield code="8">BAHONSENG</subfield>
    <subfield code="a">PIETNCR</subfield>
    <subfield code="b">PIETNCR</subfield>
    <subfield code="d">2021-02-10</subfield>
    <subfield code="e">Kirti Praskshan</subfield>
    <subfield code="f">IN Rupees</subfield>
    <subfield code="g">135.00</subfield>
    <subfield code="k">IN1560</subfield>
    <subfield code="l">5</subfield>
    <subfield code="o">822 DAD</subfield>
    <subfield code="p">N784</subfield>
    <subfield code="r">2025-10-15 00:00:00</subfield>
    <subfield code="s">2025-10-01</subfield>
    <subfield code="v">91.80</subfield>
    <subfield code="w">2021-02-10</subfield>
    <subfield code="y">BK</subfield>
  </datafield>
  <datafield tag="952" ind1=" " ind2=" ">
    <subfield code="0">0</subfield>
    <subfield code="1">0</subfield>
    <subfield code="2">ddc</subfield>
    <subfield code="4">0</subfield>
    <subfield code="7">0</subfield>
    <subfield code="8">BAHONSENG</subfield>
    <subfield code="a">PIETNCR</subfield>
    <subfield code="b">PIETNCR</subfield>
    <subfield code="d">2021-02-10</subfield>
    <subfield code="e">Kirti Praskshan</subfield>
    <subfield code="f">IN Rupees</subfield>
    <subfield code="g">135.00</subfield>
    <subfield code="k">IN1560</subfield>
    <subfield code="l">4</subfield>
    <subfield code="o">822 DAD</subfield>
    <subfield code="p">N785</subfield>
    <subfield code="r">2025-10-16 00:00:00</subfield>
    <subfield code="s">2025-10-03</subfield>
    <subfield code="v">91.80</subfield>
    <subfield code="w">2021-02-10</subfield>
    <subfield code="y">BK</subfield>
  </datafield>
  <datafield tag="952" ind1=" " ind2=" ">
    <subfield code="0">0</subfield>
    <subfield code="1">0</subfield>
    <subfield code="2">ddc</subfield>
    <subfield code="4">0</subfield>
    <subfield code="7">0</subfield>
    <subfield code="8">BAHONSENG</subfield>
    <subfield code="a">PIETNCR</subfield>
    <subfield code="b">PIETNCR</subfield>
    <subfield code="d">2021-02-10</subfield>
    <subfield code="e">Kirti Praskshan</subfield>
    <subfield code="f">IN Rupees</subfield>
    <subfield code="g">135.00</subfield>
    <subfield code="k">IN1560</subfield>
    <subfield code="l">3</subfield>
    <subfield code="o">822 DAD</subfield>
    <subfield code="p">N786</subfield>
    <subfield code="r">2025-10-16 00:00:00</subfield>
    <subfield code="s">2025-10-06</subfield>
    <subfield code="v">91.80</subfield>
    <subfield code="w">2021-02-10</subfield>
    <subfield code="y">BK</subfield>
  </datafield>
</record>
